MARC details
| 000 -LEADER |
| fixed length control field |
01217cam a2200409Mi 4500 |
| 001 - CONTROL NUMBER |
| control field |
ocm60085886 |
| 003 - CONTROL NUMBER IDENTIFIER |
| control field |
OCoLC |
| 005 - DATE AND TIME OF LATEST TRANSACTION |
| control field |
20220304143153.0 |
| 008 - FIXED-LENGTH DATA ELEMENTS--GENERAL INFORMATION |
| fixed length control field |
050502s1990 enk 001 0 eng d |
| 015 ## - NATIONAL BIBLIOGRAPHY NUMBER |
| National bibliography number |
GB9043345 |
| Source |
bnb |
| 016 7# - NATIONAL BIBLIOGRAPHIC AGENCY CONTROL NUMBER |
| Record control number |
007104042 |
| Source |
Uk |
| 020 ## - INTERNATIONAL STANDARD BOOK NUMBER |
| International Standard Book Number |
0951183524 |
| 020 ## - INTERNATIONAL STANDARD BOOK NUMBER |
| International Standard Book Number |
9780951183526 |
| 029 1# - OTHER SYSTEM CONTROL NUMBER (OCLC) |
| OCLC library identifier |
AU@ |
| System control number |
000007904894 |
| 029 1# - OTHER SYSTEM CONTROL NUMBER (OCLC) |
| OCLC library identifier |
HR0 |
| System control number |
0951183524 |
| 029 1# - OTHER SYSTEM CONTROL NUMBER (OCLC) |
| OCLC library identifier |
NZ1 |
| System control number |
3811869 |
| 029 1# - OTHER SYSTEM CONTROL NUMBER (OCLC) |
| OCLC library identifier |
UNITY |
| System control number |
085202274 |
| 035 ## - SYSTEM CONTROL NUMBER |
| System control number |
(OCoLC)60085886 |
| Canceled/invalid control number |
(OCoLC)22625474 |
| 040 ## - CATALOGING SOURCE |
| Original cataloging agency |
UKV3G |
| Language of cataloging |
eng |
| Transcribing agency |
UKV3G |
| Modifying agency |
NZ1 |
| -- |
OCLCG |
| -- |
GEQ |
| -- |
UKM |
| -- |
OCLCF |
| -- |
UKMGB |
| -- |
OCLCO |
| -- |
OCLCQ |
| 050 #4 - LIBRARY OF CONGRESS CALL NUMBER |
| Classification number |
HD30.29 |
| 082 04 - DEWEY DECIMAL CLASSIFICATION NUMBER |
| Classification number |
158.1 |
| Edition number |
20 |
| 082 04 - DEWEY DECIMAL CLASSIFICATION NUMBER |
| Classification number |
153.42 |
| Edition number |
20 |
| 100 1# - MAIN ENTRY--PERSONAL NAME |
| Personal name |
Adair, John Eric, |
| Dates associated with a name |
1934- |
| 9 (RLIN) |
27194 |
| 245 14 - TITLE STATEMENT |
| Title |
The art of creative thinking / |
| Statement of responsibility, etc. |
John Adair. |
| 260 ## - PUBLICATION, DISTRIBUTION, ETC. |
| Place of publication, distribution, etc. |
Guildford : |
| Name of publisher, distributor, etc. |
Talbot Adaair Press, |
| Date of publication, distribution, etc. |
�1990. |
| 300 ## - PHYSICAL DESCRIPTION |
| Extent |
109 pages ; |
| Dimensions |
21 cm |
| 500 ## - GENERAL NOTE |
| General note |
Includes index. |
| 650 #0 - SUBJECT ADDED ENTRY--TOPICAL TERM |
| Topical term or geographic name entry element |
Problem solving. |
| 9 (RLIN) |
27195 |
| 650 #0 - SUBJECT ADDED ENTRY--TOPICAL TERM |
| Topical term or geographic name entry element |
Management. |
| 9 (RLIN) |
27196 |
| 650 #0 - SUBJECT ADDED ENTRY--TOPICAL TERM |
| Topical term or geographic name entry element |
Creative ability. |
| 9 (RLIN) |
27197 |
| 650 #7 - SUBJECT ADDED ENTRY--TOPICAL TERM |
| Topical term or geographic name entry element |
Creative ability. |
| Source of heading or term |
fast |
| 9 (RLIN) |
27197 |
| 650 #7 - SUBJECT ADDED ENTRY--TOPICAL TERM |
| Topical term or geographic name entry element |
Management. |
| Source of heading or term |
fast |
| 9 (RLIN) |
27196 |
| 650 #7 - SUBJECT ADDED ENTRY--TOPICAL TERM |
| Topical term or geographic name entry element |
Problem solving. |
| Source of heading or term |
fast |
| 9 (RLIN) |
27195 |
| 653 ## - INDEX TERM--UNCONTROLLED |
| Uncontrolled term |
Creativity |
| 942 ## - ADDED ENTRY ELEMENTS (KOHA) |
| Koha item type |
Books |
| 948 ## - LOCAL PROCESSING INFORMATION (OCLC); SERIES PART DESIGNATOR (RLIN) |
| h (OCLC) |
HELD BY GHUCC - 68 OTHER HOLDINGS |